000 00358nam a22001457a 4500
020 _a8178085658
040 _cNUST
082 _a621.381524
_bHAY
100 _aHaykin, Simon
245 _aAdaptive Filter Theory
250 _a4th Edition
260 _aIndia:
_bPearson Education Inc,
_c2002.
650 _aAdaptive Filter Theory
_963570
942 _2ddc
_cBK
999 _c609375
_d609375